000 01049nam a22003377a 4500
001 0024591
003 KOHA_MİRAKIL
005 20260207002444.0
007 ta
008 101112b2007 tu |||gr||||#||||0|tur |
020 _a9789944771504
_q
_c10,01
040 _aTR-BiSEU
_btur
_cTR-BiSEU
_erda
041 0 _atur
044 _ctu
050 _aLB1050.34
_b.G86 2007
100 1 _aGüneş, Firdevs.
245 1 _aSes temelli cümle yöntemi ve zihinsel yapılandırma/
_cFirdevs Güneş ; Firdevs Güneş.
250 _a 1. bs.
264 1 _aAnkara :
_bNobel Yayın Dağıtım
_c2007
300 _axii, 299 sayfa: resimli; 24 cm.
336 _ametin
_btxt
_2rdacontent
337 _aaracısız
_bn
_2rdamedia
338 _acilt
_bnc
_2rdacarrier
490 1 _aNobel ;
_vyayın no: 1140.
490 1 _aEğitim yayınları dizisi ;
_v281
500 _aKaynakça var.
650 0 _aOkuma-yazma eğitimi.
_950084
830 1 _aNobel ;
_vyayın no: 1140.
_91846
830 1 _aEğitim yayınları dizisi ;
_v281
_949913
942 _2lcc
_cBK
999 _c24542
_d24542